000 00529nam a22001817a 4500
003 UA-OsUOA
001 6384
007 ta
008 20040511b un ||||| |||| 00| 0 ukr d
100 _aВерсаль Н. І.
942 _cSA
040 _aUA-OsUOA
_cUA-OsUOA
_dUA-OsUOA
245 _aПроблеми відкриття філій іноземних банків
300 _aС.131-137
955 _a0
773 0 _w0
_tФінанси України
_dКиїв
_d2004
_g№5
650 7 _aБанківська справа
_2UDC
999 _c292545
_d292545